[Event "Bronshoj Lang Weekend 2013"]
[Site "Bronshoj"]
[Date "2013.02.09"]
[Round "2"]
[White "Nielsen, Henning"]
[Black "Eddy, Samuel"]
[Result "0-1"]
[WhiteElo "2129"]
[BlackElo "2009"]
[PlyCount "124"]
[EventDate "2013.??.??"]
[EventType "swiss"]
[EventRounds "7"]
[EventCountry "DEN"]

1. e4 g6 2. d4 Bg7 3. Nc3 d6 4. f4 e6 5. Nf3 a6 6. a4 b6 7. Bc4 Ne7 8. Qe2 O-O
9. O-O c5 10. d5 exd5 11. Nxd5 Nxd5 12. Bxd5 Ra7 13. Rd1 Be6 14. Ra3 Bxd5 15.
Rxd5 Re8 16. Rad3 Rd7 17. Qd1 Rxe4 18. Rxd6 Bd4+ 19. R6xd4 cxd4 20. Ne5 Re7 21.
Be3 f6 22. Ng4 Kg7 23. Rxd4 Qxd4 24. Bxd4 Re1+ 25. Qxe1 Rxe1+ 26. Kf2 Re6 27.
Ne3 Nd7 28. c3 Nc5 29. g4 Kf7 30. a5 Ne4+ 31. Ke2 bxa5 32. f5 Re8 33. Kd3 Nf2+
34. Kc4 Rc8+ 35. Kd5 Nd3 36. Bb6 a4 37. Nc4 Nxb2 38. Nd6+ Kg7 39. Bd4 a3 40. c4
Rb8 41. g5 a2 42. gxf6+ Kf8 43. Be3 a1=Q 44. Bh6+ Kg8 45. f7+ Kh8 46. f6 Qd1+
47. Ke6 Qe2+ 48. Kd7 Qg4+ 49. Kc7 Rc8+ 50. Nxc8 Qxc4+ 51. Kd8 Qxf7 52. Bg7+
Qxg7 53. fxg7+ Kxg7 54. Ke7 a5 55. Nd6 a4 56. Ne4 a3 57. Nc3 Nd3 58. Na2 Nf2
59. Ke6 Ng4 60. h3 Nf2 61. h4 Kh6 62. Ke5 Kh5 0-1

[Event "Bronshoj Lang Weekend 2013"]
[Site "Bronshoj"]
[Date "2013.02.09"]
[Round "2"]
[White "Ronsted, Torben"]
[Black "Rhee, Alexander Kasper"]
[Result "1-0"]
[WhiteElo "2009"]
[BlackElo "2168"]
[PlyCount "65"]
[EventDate "2013.??.??"]
[EventType "swiss"]
[EventRounds "7"]
[EventCountry "DEN"]

1. d4 Nf6 2. c4 g6 3. Nc3 d5 4. cxd5 Nxd5 5. Bd2 Bg7 6. e4 Nb6 7. Be3 O-O 8. h3
Be6 9. Nf3 Bc4 10. Be2 Na6 11. O-O Qd6 12. b3 Bxe2 13. Qxe2 c6 14. Rfd1 Nc7 15.
Rac1 Qa3 16. d5 cxd5 17. Nxd5 Ncxd5 18. exd5 Rac8 19. Rxc8 Rxc8 20. Ng5 Qd6 21.
Qg4 h5 22. Qf3 Qf6 23. Qe2 Bf8 24. Rd4 Qf5 25. g4 hxg4 26. hxg4 Qe5 27. Qf3 Qf6
28. Qh3 Bg7 29. Qh7+ Kf8 30. Ne6+ fxe6 31. Rf4 Qxf4 32. Bxf4 Nxd5 33. Bh6 1-0

[Event "Bronshoj Lang Weekend 2013"]
[Site "Bronshoj"]
[Date "2013.02.09"]
[Round "2"]
[White "Nielsen, Morten Majlund"]
[Black "Christensen, Esben"]
[Result "1/2-1/2"]
[WhiteElo "1889"]
[BlackElo "1926"]
[PlyCount "64"]
[EventDate "2013.??.??"]
[EventType "swiss"]
[EventRounds "7"]
[EventCountry "DEN"]

1. d4 Nf6 2. c4 c5 3. d5 b5 4. cxb5 a6 5. bxa6 Bxa6 6. Nc3 g6 7. Nf3 d6 8. e4
Bxf1 9. Kxf1 Nbd7 10. g3 Bg7 11. Kg2 O-O 12. Re1 Ng4 13. a4 Qb6 14. Qe2 Rfb8
15. Nd2 h5 16. h3 Nh6 17. Nc4 Qa6 18. Nb5 Rxb5 19. axb5 Qxa1 20. Bxh6 Qa4 21.
Bxg7 Kxg7 22. e5 Qxb5 23. exd6 exd6 24. Nxd6 Qxe2 25. Rxe2 Kf8 26. Kf3 Nf6 27.
Rd2 Rb8 28. Nc4 Rb4 29. Ne5 Rb3+ 30. Ke2 Ne4 31. Rc2 Ke7 32. Nc4 h4 1/2-1/2

[Event "Bronshoj Lang Weekend 2013"]
[Site "Bronshoj"]
[Date "2013.02.09"]
[Round "2"]
[White "Stuhr, Peter Sebastian"]
[Black "Kyrkjebo, Hanna Bakken"]
[Result "1/2-1/2"]
[WhiteElo "1825"]
[BlackElo "1543"]
[PlyCount "114"]
[EventDate "2013.??.??"]
[EventType "swiss"]
[EventRounds "7"]
[EventCountry "DEN"]

1. Nc3 e5 2. e4 Nc6 3. Bc4 Nf6 4. d3 Bb4 5. f4 d5 6. exd5 Nxd5 7. Bd2 Nxf4 8.
Bxf4 exf4 9. Nf3 Qe7+ 10. Qe2 Qxe2+ 11. Kxe2 Be6 12. Bb5 a6 13. Bxc6+ bxc6 14.
Ne4 f6 15. a3 Ba5 16. c4 Bb6 17. c5 Ba7 18. Rhf1 Bd5 19. b4 O-O 20. Kf2 Rfe8
21. Rfe1 a5 22. h3 f5 23. Nc3 Re3 24. Ne5 axb4 25. Nxd5 cxd5 26. d4 b3 27. Rxe3
fxe3+ 28. Kxe3 Re8 29. Kd3 Bxc5 30. dxc5 Rxe5 31. Rb1 Kf7 32. Rxb3 Re1 33. Rb7
Ra1 34. Rxc7+ Kf6 35. Ra7 Rc1 36. Kd4 Rd1+ 37. Kc3 Rc1+ 38. Kb4 d4 39. Rd7 Ke5
40. Rxg7 d3 41. Re7+ Kd5 42. Rd7+ Ke4 43. Kb5 Ke3 44. Re7+ Kf2 45. Rd7 Ke2 46.
Re7+ Kd1 47. c6 d2 48. c7 Rc2 49. Kb6 Kc1 50. Rd7 d1=Q 51. Rxd1+ Kxd1 52. a4
Rb2+ 53. Kc5 Rc2+ 54. Kd6 Rd2+ 55. Ke6 Rc2 56. Kd6 Rd2+ 57. Ke6 Rc2 1/2-1/2

[Event "Bronshoj Lang Weekend 2013"]
[Site "Bronshoj"]
[Date "2013.02.09"]
[Round "2"]
[White "Olsen, Michael Richard W"]
[Black "Hansen, Henrik Damgaard"]
[Result "1-0"]
[WhiteElo "1896"]
[BlackElo "1679"]
[PlyCount "31"]
[EventDate "2013.??.??"]
[EventType "swiss"]
[EventRounds "7"]
[EventCountry "DEN"]

1. e4 g6 2. Nf3 Bg7 3. Bc4 d6 4. d4 e6 5. Bg5 Ne7 6. Qd2 O-O 7. Nc3 a6 8. h4 b5
9. Bb3 h5 10. O-O-O Kh7 11. Rdg1 f6 12. Be3 Qe8 13. g4 Ng8 14. gxh5 gxh5 15.
Rg3 Nh6 16. Rxg7+ 1-0

[Event "Bronshoj Lang Weekend 2013"]
[Site "Bronshoj"]
[Date "2013.02.09"]
[Round "2"]
[White "Brondum, Jan Kraul"]
[Black "Kokholm, Daniel"]
[Result "0-1"]
[WhiteElo "1309"]
[BlackElo "1910"]
[PlyCount "90"]
[EventDate "2013.??.??"]
[EventType "swiss"]
[EventRounds "7"]
[EventCountry "DEN"]

1. e4 d6 2. Nf3 g6 3. d4 Bg7 4. c3 c6 5. Bd3 Nd7 6. Nbd2 Qc7 7. Nf1 Ngf6 8. Bf4
e5 9. dxe5 dxe5 10. Bg5 Nc5 11. Bxf6 Nxd3+ 12. Qxd3 Bxf6 13. O-O-O Qa5 14. Kb1
O-O 15. N1d2 Be6 16. Nb3 Qb6 17. Qc2 a5 18. h4 a4 19. Nc1 Qc5 20. Ng5 Bc8 21.
Rd2 Bg7 22. Rhd1 f6 23. Nd3 Qc4 24. Nf3 Be6 25. Nc1 Bh6 26. Rd6 Bxc1 27. Kxc1
Qxa2 28. Qb1 Qxb1+ 29. Kxb1 Kf7 30. Ne1 Ke7 31. Nc2 Rfd8 32. Rxd8 Rxd8 33. Rxd8
Kxd8 34. Kc1 Kc7 35. Kd2 Kd6 36. Ne3 f5 37. exf5 gxf5 38. g3 f4 39. Nf1 Bh3 40.
Nh2 fxg3 41. fxg3 e4 42. Ke3 Ke5 43. g4 b5 44. h5 c5 45. h6 b4 0-1

[Event "Bronshoj Lang Weekend 2013"]
[Site "Bronshoj"]
[Date "2013.02.09"]
[Round "2"]
[White "Kyrkjebo, Marte Bakken"]
[Black "Andersen, Daniel"]
[Result "0-1"]
[WhiteElo "1632"]
[BlackElo "1844"]
[PlyCount "26"]
[EventDate "2013.??.??"]
[EventType "swiss"]
[EventRounds "7"]
[EventCountry "DEN"]

1. e4 c5 2. Nc3 Nc6 3. Bb5 Nd4 4. Bc4 g6 5. Nf3 Bg7 6. Nxd4 cxd4 7. Qf3 e6 8.
Nb5 d6 9. Qa3 Bf8 10. Nxd4 Nf6 11. d3 Bg7 12. Nb5 Bf8 13. Qc3 Bg7 0-1

[Event "Bronshoj Lang Weekend 2013"]
[Site "Bronshoj"]
[Date "2013.02.09"]
[Round "2"]
[White "Jorgensen, Mikkel"]
[Black "Kristensen, Lars Ostergaard"]
[Result "1-0"]
[WhiteElo "1768"]
[BlackElo "1495"]
[PlyCount "79"]
[EventDate "2013.??.??"]
[EventType "swiss"]
[EventRounds "7"]
[EventCountry "DEN"]

1. d4 d5 2. e4 c6 3. Nc3 dxe4 4. Nxe4 Bf5 5. Ng3 Bg6 6. Nf3 Nd7 7. Bd3 e6 8.
O-O Bd6 9. Re1 Ne7 10. Bxg6 hxg6 11. Ne4 Nf6 12. Nxd6+ Qxd6 13. g3 Nh5 14. Qd3
O-O-O 15. Ng5 Rhf8 16. c3 c5 17. Qc4 Nc6 18. Ne4 Qd5 19. Qxd5 Rxd5 20. Nxc5 e5
21. Nb3 exd4 22. Nxd4 Nxd4 23. cxd4 Rxd4 24. Be3 Ra4 25. Bc5 Rd8 26. Rac1 Kb8
27. Bd6+ Ka8 28. Rc7 Rd4 29. Bc5 R4d5 30. Ree7 Rb8 31. Rxf7 Rd2 32. Ba3 Rd5 33.
Bb4 a5 34. Bc3 Rb5 35. a4 Rb6 36. Rc5 Nf6 37. Rxa5+ Ra6 38. Rxa6+ bxa6 39. Rxg7
Nd5 40. Bd4 1-0

[Event "Bronshoj Lang Weekend 2013"]
[Site "Bronshoj"]
[Date "2013.02.09"]
[Round "2"]
[White "Kyrkjebo, Eirik"]
[Black "Jensen, Jonbert"]
[Result "1-0"]
[WhiteElo "1733"]
[BlackElo "1392"]
[PlyCount "37"]
[EventDate "2013.??.??"]
[EventType "swiss"]
[EventRounds "7"]
[EventCountry "DEN"]

1. e4 d6 2. d4 Nf6 3. Nc3 g6 4. f3 Bg7 5. Be3 O-O 6. Qd2 Nc6 7. Be2 a6 8. g4 e5
9. d5 Nd4 10. O-O-O c6 11. Bh6 c5 12. h4 b5 13. h5 Qa5 14. hxg6 fxg6 15. Bxg7
Kxg7 16. Qh6+ Kf7 17. g5 b4 18. gxf6 Kxf6 19. Qxf8+ 1-0

[Event "Bronshoj Lang Weekend 2013"]
[Site "Bronshoj"]
[Date "2013.02.09"]
[Round "2"]
[White "Hansen, Morten Juhl"]
[Black "Mouritsen, Jan"]
[Result "0-1"]
[WhiteElo "1000"]
[BlackElo "1714"]
[PlyCount "88"]
[EventDate "2013.??.??"]
[EventType "swiss"]
[EventRounds "7"]
[EventCountry "DEN"]

1. d4 d5 2. Nf3 Nf6 3. e3 g6 4. b3 Bg7 5. c4 O-O 6. Nc3 c6 7. Bd3 Bg4 8. O-O
Nbd7 9. e4 dxe4 10. Nxe4 Nxe4 11. Bxe4 Nf6 12. Qd3 Nxe4 13. Qxe4 Bxf3 14. Qxf3
Qxd4 15. Be3 Qf6 16. Qg3 e5 17. Rae1 Rfe8 18. Re2 Qd6 19. Rfe1 b6 20. Bf4 Rad8
21. h3 f6 22. Qf3 Rd7 23. Qc3 Red8 24. Be3 Qc7 25. c5 b5 26. Rd2 Rxd2 27. Bxd2
Rd5 28. b4 f5 29. Qb3 Kh8 30. Rd1 Qd7 31. Qc2 e4 32. a4 a6 33. axb5 axb5 34.
Qa2 h5 35. Kf1 Kh7 36. Ke2 Bh6 37. Qc2 Bxd2 38. Rxd2 Rxd2+ 39. Qxd2 Qxd2+ 40.
Kxd2 Kg7 41. Ke3 Kf6 42. Kd4 Ke6 43. f3 exf3 44. gxf3 g5 0-1

[Event "Bronshoj Lang Weekend 2013"]
[Site "Bronshoj"]
[Date "2013.02.09"]
[Round "2"]
[White "Jensen, Simon Stibolt"]
[Black "Jacobsen, Mikkel Manosri"]
[Result "1/2-1/2"]
[WhiteElo "1519"]
[BlackElo "1822"]
[PlyCount "43"]
[EventDate "2013.??.??"]
[EventType "swiss"]
[EventRounds "7"]
[EventCountry "DEN"]

1. e4 d5 2. exd5 Qxd5 3. Nc3 Qa5 4. Nf3 Bg4 5. d4 Nd7 6. Be2 Ngf6 7. O-O O-O-O
8. Ng5 Be6 9. Nxe6 fxe6 10. Bf3 Ne5 11. Be3 c5 12. Ne2 Nxf3+ 13. gxf3 cxd4 14.
Nxd4 e5 15. Nb3 Rxd1 16. Nxa5 Rxa1 17. Rxa1 a6 18. Rd1 g6 19. Nc4 Nd7 20. Bg5
b5 21. Ne3 h6 22. Bh4 1/2-1/2

[Event "Bronshoj Lang Weekend 2013"]
[Site "Bronshoj"]
[Date "2013.02.09"]
[Round "2"]
[White "Pedersen, Bo V"]
[Black "Moller, Arne Vagn"]
[Result "1/2-1/2"]
[WhiteElo "1425"]
[BlackElo "1745"]
[PlyCount "80"]
[EventDate "2013.??.??"]
[EventType "swiss"]
[EventRounds "7"]
[EventCountry "DEN"]

1. d4 Nf6 2. c4 e6 3. Nc3 Bb4 4. e3 O-O 5. Nge2 b6 6. a3 Be7 7. Ng3 Bb7 8. e4
d6 9. Be2 Nbd7 10. O-O c5 11. Be3 a6 12. d5 Qc7 13. f4 Rae8 14. Qd2 exd5 15.
cxd5 Bd8 16. b3 b5 17. b4 Qb8 18. Bf3 cxb4 19. axb4 Nb6 20. Bxb6 Bxb6+ 21. Kh1
Qd8 22. Qd3 Nd7 23. Nge2 f5 24. Nd4 Bxd4 25. Qxd4 fxe4 26. Bxe4 Nf6 27. Bf3 Qe7
28. Rac1 Qe3 29. Rcd1 Qxd4 30. Rxd4 Re3 31. Nd1 Re7 32. Kg1 Rfe8 33. Kf2 g6 34.
h3 Kg7 35. g3 Nd7 36. Rd3 Nb6 37. Ne3 Rc7 38. Re1 Rec8 39. Bg4 Rf8 40. Be6 Nd7
1/2-1/2

[Event "Bronshoj Lang Weekend 2013"]
[Site "Bronshoj"]
[Date "2013.02.09"]
[Round "3"]
[White "Nohr, Finn"]
[Black "Semcesen, Daniel"]
[Result "0-1"]
[WhiteElo "2054"]
[BlackElo "2479"]
[PlyCount "138"]
[EventDate "2013.??.??"]
[EventType "swiss"]
[EventRounds "7"]
[EventCountry "DEN"]

1. e4 e5 2. Nf3 Nc6 3. Bb5 Nf6 4. d3 Bc5 5. O-O d6 6. c3 a6 7. Ba4 b5 8. Bb3
O-O 9. Nbd2 h6 10. Re1 Re8 11. Nf1 Bb6 12. Be3 Rb8 13. h3 Na5 14. Bc2 c5 15.
Ng3 d5 16. Qe2 Nc6 17. Nh2 d4 18. Bd2 dxc3 19. bxc3 b4 20. Ba4 Bd7 21. Bxc6
Bxc6 22. c4 Rb7 23. Be3 Rd7 24. Red1 Kh8 25. Nf5 Re6 26. Ng4 Nxg4 27. hxg4 Ba4
28. g5 Bxd1 29. Rxd1 hxg5 30. Qh5+ Kg8 31. Bxg5 f6 32. Be3 Qe8 33. Qg4 g6 34.
g3 Rh7 35. Kg2 Kf7 36. Nh4 g5 37. Qf5 Kg7 38. Qg4 Kf7 39. Qf5 Rg7 40. Nf3 Ke7
41. Rh1 Qg6 42. Qg4 Rh7 43. Nh4 Qf7 44. Nf5+ Kd7 45. Qd1 Rxh1 46. Qxh1 Re8 47.
Qh6 Rg8 48. Qh3 g4 49. Qh6 Qg6 50. Qh1 Ke6 51. Qd1 Qe8 52. Nh6 Rg7 53. Nxg4 a5
54. Nh6 Kd7 55. Nf5 Rh7 56. Bh6 Kc7 57. Qg4 Rd7 58. Ne3 Rd6 59. Nd5+ Kb7 60.
Qg7+ Qd7 61. Qf8 a4 62. Bg7 Bd8 63. Bxf6 Bxf6 64. Nxf6 Qd8 65. Qg7+ Qc7 66. Qg5
Qe7 67. Nh7 Qxg5 68. Nxg5 b3 69. axb3 a3 0-1

[Event "Bronshoj Lang Weekend 2013"]
[Site "Bronshoj"]
[Date "2013.02.09"]
[Round "3"]
[White "Pedersen, Nicolai Vesterbaek"]
[Black "Kirknel, Thomas"]
[Result "1-0"]
[WhiteElo "2440"]
[BlackElo "2111"]
[PlyCount "49"]
[EventDate "2013.??.??"]
[EventType "swiss"]
[EventRounds "7"]
[EventCountry "DEN"]

1. d4 Nf6 2. c4 e6 3. Nc3 Bb4 4. Qc2 c5 5. dxc5 O-O 6. a3 Bxc5 7. Nf3 d5 8. Bg5
dxc4 9. e3 Nbd7 10. Bxc4 h6 11. Bh4 a6 12. Rd1 b5 13. Ba2 Qb6 14. Bb1 g6 15.
Ne4 Nd5 16. Nxc5 Qxc5 17. Qxc5 Nxc5 18. e4 g5 19. Bxg5 hxg5 20. exd5 f6 21.
dxe6 Bxe6 22. Nd4 Bc4 23. f3 Rad8 24. Kf2 Nd3+ 25. Bxd3 1-0

[Event "Bronshoj Lang Weekend 2013"]
[Site "Bronshoj"]
[Date "2013.02.09"]
[Round "3"]
[White "Rosenkilde, Alexander"]
[Black "Jacobsen, Mads Holger Bang"]
[Result "1-0"]
[WhiteElo "2242"]
[BlackElo "2007"]
[PlyCount "67"]
[EventDate "2013.??.??"]
[EventType "swiss"]
[EventRounds "7"]
[EventCountry "DEN"]

1. d4 d5 2. c4 c6 3. Nf3 Nf6 4. e3 Bf5 5. Nc3 a6 6. Qb3 b5 7. cxd5 cxd5 8. a4
b4 9. Qxb4 Nc6 10. Qc5 Na5 11. Qa3 e6 12. b4 Nc6 13. Na2 Bd6 14. Bd2 Qb6 15.
Qb2 O-O 16. b5 Rfc8 17. Be2 axb5 18. axb5 Ne7 19. Nc3 Rxa1+ 20. Qxa1 Ne4 21.
Nxe4 dxe4 22. Ne5 Qb8 23. h3 Rc2 24. Nc4 Qc7 25. Qa4 Rxd2 26. Kxd2 Nd5 27. Nxd6
Qxd6 28. Qa8+ Qf8 29. Ra1 Nb6 30. Qxf8+ Kxf8 31. Ra6 Nd7 32. b6 Ke7 33. b7 Kd8
34. Rc6 1-0

[Event "Bronshoj Lang Weekend 2013"]
[Site "Bronshoj"]
[Date "2013.02.09"]
[Round "3"]
[White "Eddy, Samuel"]
[Black "Stojanovski, Sandi"]
[Result "0-1"]
[WhiteElo "2009"]
[BlackElo "2230"]
[PlyCount "124"]
[EventDate "2013.??.??"]
[EventType "swiss"]
[EventRounds "7"]
[EventCountry "DEN"]

1. d4 Nf6 2. c4 e6 3. Nc3 Bb4 4. e3 O-O 5. Nge2 Re8 6. a3 Bf8 7. Nf4 d5 8. cxd5
exd5 9. Bd3 a5 10. O-O c6 11. Qc2 b6 12. Bd2 Ba6 13. Rab1 Bd6 14. Nce2 c5 15.
dxc5 bxc5 16. Bxa6 Nxa6 17. Bc3 Nc7 18. Rfd1 Ne4 19. Qd3 Qg5 20. f3 Nxc3 21.
bxc3 c4 22. Qd4 Qe7 23. Nxd5 Nxd5 24. Qxd5 Qxe3+ 25. Kh1 Bxa3 26. Ng3 Qxc3 27.
Ne4 Qe5 28. Qxc4 Qe6 29. Qd3 Bb4 30. Qb5 h6 31. Nf2 Rad8 32. Rxd8 Rxd8 33. Ne4
Qd5 34. Qa4 Qd7 35. Qb3 Qd3 36. Kg1 Qxb3 37. Rxb3 f5 38. Nf2 Rc8 39. Kf1 Rc1+
40. Ke2 Rc2+ 41. Kf1 Kf7 42. Nd3 Rc3 43. Rxc3 Bxc3 44. Ke2 Ke6 45. Nc1 Kd5 46.
Kd3 Be5 47. h3 g6 48. Ne2 a4 49. f4 Bf6 50. g4 a3 51. Nc1 Be7 52. Nb3 Bd6 53.
Ke3 a2 54. Na1 Bc5+ 55. Kd3 Bd4 56. Nc2 a1=Q 57. Nxa1 Bxa1 58. Ke3 h5 59. Kf3
h4 60. gxf5 gxf5 61. Ke3 Bd4+ 62. Kf3 Ba7 0-1

[Event "Bronshoj Lang Weekend 2013"]
[Site "Bronshoj"]
[Date "2013.02.09"]
[Round "3"]
[White "Danielsson, Dominik"]
[Black "Madsen, Michael B"]
[Result "1-0"]
[WhiteElo "1895"]
[BlackElo "1945"]
[PlyCount "71"]
[EventDate "2013.??.??"]
[EventType "swiss"]
[EventRounds "7"]
[EventCountry "DEN"]

1. e4 c5 2. Nc3 Nc6 3. f4 g6 4. Nf3 Bg7 5. Bc4 e6 6. O-O Nge7 7. d3 d5 8. Bb5
O-O 9. e5 Na5 10. a3 a6 11. Ba4 b5 12. Bb3 Nxb3 13. cxb3 Nc6 14. Qe1 f6 15. Qf2
fxe5 16. Qxc5 Qd7 17. a4 b4 18. Ne2 exf4 19. Bxf4 Bb7 20. d4 Rfd8 21. Qb6 a5
22. Bc7 Rdc8 23. Qxb7 Rcb8 24. Qxb8+ Nxb8 25. Be5 Nc6 26. Bxg7 Qxg7 27. Rac1
Qd7 28. Rc5 Qd6 29. Rfc1 Ne7 30. Ne5 Nf5 31. Rc6 Qe7 32. Nf3 h5 33. Nf4 Nxd4
34. Nxd4 e5 35. Rxg6+ Kf7 36. Rg7+ 1-0

[Event "Bronshoj Lang Weekend 2013"]
[Site "Bronshoj"]
[Date "2013.02.09"]
[Round "3"]
[White "Hansen, Rasmus Agertoft"]
[Black "Pedersen, Jan Nordenbaek"]
[Result "0-1"]
[WhiteElo "1975"]
[BlackElo "2263"]
[PlyCount "56"]
[EventDate "2013.??.??"]
[EventType "swiss"]
[EventRounds "7"]
[EventCountry "DEN"]

1. e4 e5 2. Nf3 Nf6 3. Nc3 Nc6 4. Bb5 Nd4 5. Bc4 Bc5 6. b4 Nxf3+ 7. Qxf3 Bxb4
8. Rb1 Bxc3 9. dxc3 O-O 10. Bg5 d6 11. O-O c6 12. Rfd1 b5 13. Be2 Be6 14. a3
Qe7 15. Bxf6 gxf6 16. Rd3 Rad8 17. Qh5 Kh8 18. Qh6 Rg8 19. Bh5 f5 20. exf5 Bxf5
21. Rf3 Qg5 22. Qxg5 Rxg5 23. Bxf7 Bxc2 24. Rb4 e4 25. Re3 Rf8 26. Ba2 Rgf5 27.
Re2 Bd3 28. Reb2 c5 0-1

[Event "Bronshoj Lang Weekend 2013"]
[Site "Bronshoj"]
[Date "2013.02.09"]
[Round "3"]
[White "Petersen, Peter Birk"]
[Black "Nilsson, Lars Kjoller"]
[Result "1/2-1/2"]
[WhiteElo "2121"]
[BlackElo "2036"]
[PlyCount "36"]
[EventDate "2013.??.??"]
[EventType "swiss"]
[EventRounds "7"]
[EventCountry "DEN"]

1. e4 c5 2. Nf3 d6 3. d4 cxd4 4. Nxd4 Nf6 5. Nc3 e6 6. Be3 Nc6 7. Be2 Be7 8.
O-O Qc7 9. f4 Bd7 10. Nb3 Rd8 11. Kh1 Bc8 12. Bf3 d5 13. exd5 exd5 14. Nd4 a6
15. Qe2 O-O 16. Rad1 Rfe8 17. Qd2 Bb4 18. Qd3 Bf8 1/2-1/2

[Event "Bronshoj Lang Weekend 2013"]
[Site "Bronshoj"]
[Date "2013.02.09"]
[Round "3"]
[White "Christiansen, Johan Sebastian"]
[Black "Ronsted, Torben"]
[Result "1-0"]
[WhiteElo "2071"]
[BlackElo "2009"]
[PlyCount "93"]
[EventDate "2013.??.??"]
[EventType "swiss"]
[EventRounds "7"]
[EventCountry "DEN"]

1. d4 d5 2. c4 c6 3. Nf3 Nf6 4. Qc2 g6 5. Bf4 Bg7 6. e3 O-O 7. Nc3 Bf5 8. Qb3
Bc8 9. a4 dxc4 10. Bxc4 a5 11. O-O Na6 12. Rfe1 Nb4 13. h3 h6 14. Bh2 g5 15.
Ne5 e6 16. Be2 Nd7 17. Nc4 e5 18. Rad1 exd4 19. exd4 Nf6 20. Bd6 Re8 21. Bxb4
axb4 22. Qxb4 Nd5 23. Nxd5 cxd5 24. Nb6 Rb8 25. Qb5 Re6 26. Nxd5 Bd7 27. Qb4
Bxa4 28. Qxa4 Qxd5 29. Bc4 Rxe1+ 30. Rxe1 Qxd4 31. Re8+ Rxe8 32. Qxe8+ Kh7 33.
Bxf7 Qd1+ 34. Kh2 Qd6+ 35. g3 Qf8 36. Qe4+ Kh8 37. Qxb7 h5 38. Qf3 g4 39. Qf5
Bxb2 40. Qxh5+ Kg7 41. Qg6+ Kh8 42. h4 Bg7 43. Kg2 Qa8+ 44. Kg1 Qf8 45. Be6 Qc5
46. Bxg4 Be5 47. Qh6+ 1-0

[Event "Bronshoj Lang Weekend 2013"]
[Site "Bronshoj"]
[Date "2013.02.09"]
[Round "3"]
[White "Stolberg Rohr, Thomine"]
[Black "Jorgensen, Mikkel"]
[Result "1-0"]
[WhiteElo "2025"]
[BlackElo "1768"]
[PlyCount "53"]
[EventDate "2013.??.??"]
[EventType "swiss"]
[EventRounds "7"]
[EventCountry "DEN"]

1. e4 c5 2. Nc3 Nc6 3. f4 d6 4. Nf3 a6 5. a4 Nf6 6. Bc4 e6 7. Qe2 Be7 8. e5
dxe5 9. fxe5 Nd5 10. O-O Ndb4 11. d3 Nd4 12. Nxd4 Qxd4+ 13. Kh1 Nc6 14. Bf4 Qd8
15. Ne4 Nd4 16. Qg4 Nf5 17. Rae1 h5 18. Qe2 g5 19. Bc1 Bd7 20. Rxf5 exf5 21.
Nf6+ Bxf6 22. exf6+ Kf8 23. Bxg5 Bc6 24. Qe3 Kg8 25. Qg3 Kh7 26. Bxf7 Be8 27.
Bh4 1-0

[Event "Bronshoj Lang Weekend 2013"]
[Site "Bronshoj"]
[Date "2013.02.09"]
[Round "3"]
[White "Kokholm, Daniel"]
[Black "Nielsen, Henning"]
[Result "0-1"]
[WhiteElo "1910"]
[BlackElo "2129"]
[PlyCount "58"]
[EventDate "2013.??.??"]
[EventType "swiss"]
[EventRounds "7"]
[EventCountry "DEN"]

1. d4 Nf6 2. Nc3 d5 3. e4 dxe4 4. f3 exf3 5. Nxf3 Bg4 6. h3 Bh5 7. g4 Bg6 8.
Bc4 e6 9. O-O Bd6 10. Qe2 O-O 11. Ne5 Nc6 12. Nxg6 Nxd4 13. Qf2 hxg6 14. Be3 c5
15. Rad1 Qc7 16. Bxd4 cxd4 17. Nb5 Qxc4 18. Nxd6 Qc6 19. Rxd4 Rad8 20. Rfd1 Nd5
21. Ne4 f5 22. Ng5 Qb6 23. c3 fxg4 24. Qh4 Nf6 25. Nxe6 Rxd4 26. Nxd4 Qxb2 27.
hxg4 Qxc3 28. g5 Qe3+ 29. Kg2 Ne4 0-1

[Event "Bronshoj Lang Weekend 2013"]
[Site "Bronshoj"]
[Date "2013.02.09"]
[Round "3"]
[White "Ulrich, Thomas"]
[Black "Nielsen, Morten Majlund"]
[Result "1-0"]
[WhiteElo "2060"]
[BlackElo "1889"]
[PlyCount "75"]
[EventDate "2013.??.??"]
[EventType "swiss"]
[EventRounds "7"]
[EventCountry "DEN"]

1. e4 c5 2. Nf3 d6 3. d4 cxd4 4. Nxd4 Nf6 5. Nc3 a6 6. f4 Qc7 7. Be2 e6 8. a4
b6 9. O-O Bb7 10. Bf3 Nbd7 11. Re1 Rc8 12. Be3 Be7 13. Qd2 Nc5 14. Bf2 O-O 15.
Rad1 Rfd8 16. Qe3 Ncd7 17. g4 Nf8 18. g5 N6d7 19. Kh1 Re8 20. Bg2 Qc4 21. Nb3
Qc7 22. Bg3 Qc6 23. Rd2 b5 24. axb5 axb5 25. Nd4 Qa6 26. Ndxb5 Nc5 27. Bf1 Qa8
28. Nxd6 Bxd6 29. Rxd6 Na4 30. Nxa4 Qxa4 31. b3 Qa2 32. c4 Qa3 33. Red1 Ng6 34.
Qd3 Qa5 35. Bg2 Ne7 36. Be1 Qc5 37. Qd4 Qa3 38. Bc3 1-0

[Event "Bronshoj Lang Weekend 2013"]
[Site "Bronshoj"]
[Date "2013.02.09"]
[Round "3"]
[White "Andersen, Daniel"]
[Black "Yssing, Klaus"]
[Result "0-1"]
[WhiteElo "1844"]
[BlackElo "1914"]
[PlyCount "70"]
[EventDate "2013.??.??"]
[EventType "swiss"]
[EventRounds "7"]
[EventCountry "DEN"]

1. c4 f5 2. Nf3 Nf6 3. g3 g6 4. Bg2 Bg7 5. O-O O-O 6. Nc3 e6 7. d4 d5 8. b3 c5
9. cxd5 exd5 10. Bg5 Be6 11. Rc1 h6 12. Bxf6 Qxf6 13. dxc5 d4 14. Nb5 Nc6 15.
Nc7 Rad8 16. Nxe6 Qxe6 17. Qd2 g5 18. Ne1 a5 19. Nd3 Rde8 20. Rc2 Re7 21. Rb1
f4 22. a3 h5 23. b4 h4 24. gxh4 Qg4 25. b5 Ne5 26. Nxe5 Bxe5 27. Qd3 f3 28.
exf3 Qxh4 29. h3 Rfe8 30. Rcc1 Qf4 31. Re1 Bg7 32. Re4 Rxe4 33. fxe4 Be5 34. c6
b6 35. Rb2 Qc1+ 0-1

[Event "Bronshoj Lang Weekend 2013"]
[Site "Bronshoj"]
[Date "2013.02.09"]
[Round "3"]
[White "Kyrkjebo, Hanna Bakken"]
[Black "Brondum, Jan Kraul"]
[Result "1-0"]
[WhiteElo "1543"]
[BlackElo "1309"]
[PlyCount "53"]
[EventDate "2013.??.??"]
[EventType "swiss"]
[EventRounds "7"]
[EventCountry "DEN"]

1. e4 e5 2. Nf3 Nc6 3. Nc3 Bb4 4. Nd5 Bc5 5. Nxe5 Bxf2+ 6. Kxf2 Nxe5 7. d4 Ng6
8. Kg1 c6 9. Nc3 N8e7 10. Bc4 b5 11. Bd3 d6 12. Be3 O-O 13. Qf3 a5 14. Rf1 Bb7
15. Qg3 Bc8 16. e5 d5 17. h4 h5 18. Ne2 Bg4 19. Nf4 Nf5 20. Bxf5 Bxf5 21. Nxh5
Bxc2 22. Bg5 Qb8 23. Nf6+ gxf6 24. Bxf6 Qb6 25. Qg4 c5 26. h5 cxd4 27. hxg6 1-0

[Event "Bronshoj Lang Weekend 2013"]
[Site "Bronshoj"]
[Date "2013.02.09"]
[Round "3"]
[White "Rhee, Alexander Kasper"]
[Black "Olsen, Michael Richard W"]
[Result "0-1"]
[WhiteElo "2168"]
[BlackElo "1896"]
[PlyCount "117"]
[EventDate "2013.??.??"]
[EventType "swiss"]
[EventRounds "7"]
[EventCountry "DEN"]

1. g3 Nc6 2. Bg2 Nf6 3. d4 e6 4. e4 e5 5. d5 Nb8 6. Nf3 d6 7. Qe2 b6 8. O-O Ba6
9. c4 Nbd7 10. Nc3 Bc8 11. Ne1 Be7 12. h3 g5 13. Bxg5 Nxe4 14. Nxe4 Bxg5 15. f4
Be7 16. Nd3 O-O 17. f5 f6 18. Nb4 Bb7 19. Nc6 Qe8 20. Bf3 Nc5 21. Nc3 a5 22.
Qd2 Kg7 23. Rae1 Qd7 24. Bh5 Rg8 25. Kh2 Bf8 26. Ne4 Nxe4 27. Rxe4 Kh8 28. Rh4
Rg7 29. Qh6 Rf7 30. Qe3 Rg7 31. Qf3 Kg8 32. Re1 Rg5 33. Bg4 Qf7 34. Bh5 Qd7 35.
Rg4 Rxg4 36. Qxg4+ Qg7 37. Re4 Qxg4 38. Rxg4+ Kh8 39. Bf7 Bg7 40. Rh4 Bxc6 41.
dxc6 Rf8 42. Bg6 h6 43. Kg2 Kg8 44. Re4 Rd8 45. Re3 Kf8 46. Rd3 Ke7 47. Kf3 Bf8
48. Ke4 Bg7 49. Kd5 Bf8 50. Bh5 Ra8 51. Ra3 Ra7 52. Ra4 Ra8 53. Ra3 Ra7 54. Ra4
Ra8 55. b4 Ra7 56. Ra3 Ra8 57. h4 Bg7 58. c5 dxc5 59. bxc5 0-1